Click the Regions of Czechia on a Map - Statistics

General Stats
  • This quiz has been taken 165 times
  • The average score is 11 of 14
Answers on the Map
Answers color-coded by a green-red scale on the quiz's map according to % correct below.
 
Answer Stats
Answer % Correct
Prague
94%
Central Bohemian
91%
South Bohemian
88%
Karlovy Vary
76%
Olomouc
76%
Moravian-Silesian
74%
Zlín
74%
South Moravian
73%
Ústí nad Labem
73%
Liberec
72%
Plzeň
72%
Hradec Králové
67%
Vysočina
67%
Pardubice
65%
No matching quizzes found
Score Distribution
Percent of People with Each Score
Percentile by Number Answered
Your Score History
You have not taken this quiz